INGENIERIA DE SOFTWARE (Registro nro. 1588)
[ vista simple ]
| 000 -LEADER | |
|---|---|
| fixed length control field | 00486nam a2200181 a 4500 |
| 001 - CONTROL NUMBER | |
| control field | 1588 |
| 005 - DATE AND TIME OF LATEST TRANSACTION | |
| control field | 20180713181627.0 |
| 008 - FIXED-LENGTH DATA ELEMENTS--GENERAL INFORMATION | |
| fixed length control field | 140415s1987 mx 000 0 spa d |
| 041 ## - LANGUAGE CODE | |
| Language code of text/sound track or separate title | spa |
| 082 ## - DEWEY DECIMAL CLASSIFICATION NUMBER | |
| Classification number | 621.3811 |
| Item number | FAI |
| 100 1# - MAIN ENTRY--PERSONAL NAME | |
| Personal name | FAIRLEY, RICHARD E. |
| 245 10 - TITLE STATEMENT | |
| Title | INGENIERIA DE SOFTWARE |
| 250 ## - EDITION STATEMENT | |
| Edition statement | 1a ed. |
| 260 ## - PUBLICATION, DISTRIBUTION, ETC. | |
| Place of publication, distribution, etc. | MEXICO : |
| Name of publisher, distributor, etc. | MC GRAW HILL, |
| Date of publication, distribution, etc. | 1987 |
| 300 ## - PHYSICAL DESCRIPTION | |
| Extent | 390 |
| 650 14 - SUBJECT ADDED ENTRY--TOPICAL TERM | |
| Topical term or geographic name entry element | COMPUTADORES ELECTRONICOS DIGITALES |
| 700 1# - ADDED ENTRY--PERSONAL NAME | |
| Personal name | SANCHEZ AGUILAR, ANTONIO |
| Relator term | tr. |
| Withdrawn status | Lost status | Source of classification or shelving scheme | Damaged status | Not for loan | Collection code | Home library | Current library | Shelving location | Date acquired | Source of acquisition | Inventory number | Total Checkouts | Full call number | Barcode | Date last seen | Price effective from | Koha item type | Date last checked out |
|---|---|---|---|---|---|---|---|---|---|---|---|---|---|---|---|---|---|---|
| Dewey Decimal Classification | General | Biblioteca Karol Wojtyla | Biblioteca Karol Wojtyla | Sala general | 03/12/2013 | Compra | 151000000000000000003001 | 621.3811 FAI | 15141 | 05/01/2026 | 03/12/2013 | Libro | ||||||
| Extraviado | Dewey Decimal Classification | Biblioteca Karol Wojtyla | Biblioteca Karol Wojtyla | 03/12/2013 | Compra | 621.3811 FAI | 16126 | 03/12/2013 | Libro | |||||||||
| Dewey Decimal Classification | General | Biblioteca Karol Wojtyla | Biblioteca Karol Wojtyla | Sala general | 03/12/2013 | Compra | 151000000000000000004593 | 1 | 621.3811 FAI | 12051 | 05/01/2026 | 03/12/2013 | Libro | 10/10/2023 | ||||
| Dewey Decimal Classification | General | Biblioteca Karol Wojtyla | Biblioteca Karol Wojtyla | Sala general | 03/12/2013 | Compra | 151000000000000000004594 | 621.3811 FAI | 25709 | 05/01/2026 | 03/12/2013 | Libro | ||||||
| Extraviado | Dewey Decimal Classification | Biblioteca Karol Wojtyla | Biblioteca Karol Wojtyla | 03/12/2013 | Compra | 621.3811 FAI | 25710 | 03/12/2013 | Libro |